Best friend's brother (victorious) - lyrics - Statistics

General Stats
  • This quiz has been taken 45 times
  • The average score is 301 of 392
Answer Stats
Answer % Correct
I
94%
I
94%
a
91%
A
91%
my
91%
My
91%
the
91%
Yeah
91%
yeah
91%
be
88%
best
88%
Best
88%
brother
88%
for
88%
friend's
88%
he
88%
he's
88%
is
88%
Is
88%
me?
88%
me
88%
one
88%
when
84%
and
81%
And
81%
you
81%
foot
78%
know
78%
of
78%
out
78%
six
78%
BFB
75%
But
75%
but
75%
can
75%
do
75%
don't
75%
don't,
75%
get
75%
him
75%
three
75%
at
72%
can't
72%
cant
72%
home
72%
to
72%
up
72%
call
69%
if
69%
just
69%
mind
69%
want
69%
alone
63%
her
63%
it
59%
leave?
59%
phone
59%
picks
59%
rock
59%
see
59%
Should
59%
this
59%
weekend?
59%
Why
59%
wrong
59%
drummer
56%
give
56%
it's
56%
looking
56%
really
56%
think
56%
Cause
53%
hope
53%
jump
53%
punk
53%
skin
53%
smile?
53%
strange
53%
tell
53%
what
53%
head?
50%
I'm
50%
thinking
50%
around
47%
in
47%
might
44%
that
44%
you're
44%
acting
41%
all
41%
his
41%
not
41%
shy
41%
too
41%
type
41%
kinda
38%
like
38%
mean
38%
dream
34%
feel
34%
related
34%
weren't
34%
make
31%
move
31%
such
31%
Sometimes
25%
you'd
22%
No matching quizzes found
Score Distribution
Percent of People with Each Score
Percentile by Number Answered
Your Score History
You have not taken this quiz